[Event "DOM-ch U20"]
[Site "Santo Domingo"]
[Date "2015.09.26"]
[Round "5"]
[White "Ramos Burgos, Gregory Joel"]
[Black "Diaz, Wilber"]
[Result "0-1"]
[WhiteElo "1737"]
[BlackElo "1547"]
[PlyCount "52"]
[EventDate "2015.09.24"]
[EventType "swiss"]
[EventRounds "8"]
[EventCountry "DOM"]
[SourceTitle "EXT 2017"]
[Source "ChessBase"]
[SourceDate "2016.10.25"]
[SourceVersion "1"]
[SourceVersionDate "2016.10.25"]
[SourceQuality "1"]

1. e4 e5 2. Nf3 Nc6 3. Bb5 Bc5 4. 0-0 d6 5. d4 exd4 6. Nxd4 Bd7 7. Nxc6 Bxc6 8. Bxc6+ bxc6 9. Qg4 Qf6 10. Nc3 Nh6 11. Qe2 0-0 12. Be3 Bb6 13. h3 Qe6 14. Qf3 f5 15. Bxb6 cxb6 16. exf5 Qxf5 17. Qxc6 Qxc2 18. Qd5+ Kh8 19. Rab1 Rad8 20. Nb5 Rxf2 21. Rxf2 Qxb1+ 22. Kh2 Qg6 23. Rd2 Nf5 24. Rd1 Qg3+ 25. Kh1 Ne3 26. Rd3 Rf8 0-1